musique: 47 Ter le remède - Statistiques

Statistiques générales
  • Ce quiz a été pris 14 fois
  • Le résultat moyen est 293 sur 493
Statistiques - réponses
Paroles % Correct
à
100%
ai
100%
j'
100%
j''
100%
l'
100%
le
100%
elle
89%
remède
89%
s'
89%
avec
78%
bien
78%
c'
78%
ç
78%
d'
78%
de
78%
la
78%
78%
me
78%
pas
78%
sens
78%
appelle
67%
dire
67%
est
67%
et
67%
était
67%
faire
67%
merde
67%
oh
67%
on
67%
peine
67%
qu'
67%
quand
67%
sait
67%
sans
67%
trouvé
67%
aime
56%
amour
56%
comme
56%
crois
56%
en
56%
haine
56%
je
56%
les
56%
qui
56%
revient
56%
rien
56%
si
56%
sais
44%
apparaitre
33%
bédave
33%
mon
33%
murs
33%
plus
33%
regarde
33%
renaitre
33%
tous
33%
veille
33%
alors
22%
ça
22%
comment
22%
dans
22%
durs
22%
encore
22%
fait
22%
fin
22%
force
22%
fort
22%
full
22%
infiniment
22%
lever
22%
mais
22%
mal
22%
matins
22%
night
22%
pareil
22%
peur
22%
peux
22%
que
22%
soirs
22%
sont
22%
une
22%
vais
22%
aimerais
11%
alimentait
11%
animaux
11%
autre
11%
bosser
11%
car
11%
chialer
11%
comprends
11%
des
11%
effort
11%
ennui
11%
esquiver
11%
fais
11%
finir
11%
humain
11%
impossible
11%
intimidant
11%
jusqu'
11%
marre
11%
mood
11%
moonlight
11%
mort
11%
non
11%
oseille
11%
pensais
11%
possible
11%
rapportent
11%
rester
11%
sommeil
11%
sur
11%
vois
11%
yeah
11%
aller
0%
aujourd'hui
0%
avant
0%
chercher
0%
cinq
0%
coeur
0%
comprenne
0%
connaissais
0%
contraire
0%
def
0%
émotions
0%
essaie
0%
fond
0%
forme
0%
hier
0%
inventé
0%
maintenant
0%
mentir
0%
mes
0%
minutes
0%
mis
0%
moula
0%
nuits
0%
passais
0%
pouvoir
0%
preféré
0%
quoi
0%
recontre
0%
remercier
0%
rend
0%
ressenti
0%
savaient
0%
switch
0%
traine
0%
tristesse
0%
voit
0%
vouloirs
0%
vraiment
0%
Aucun quiz correspondant
Distribution des résultats
% des personnes avec chaque résultat
Percentile par nombre de réponses
Votre historique - résultats
Vous n’avez pas pris ce quiz